Представление документа в формате RUSMARC

ПолеНазваниеЗначение
  Тип записи a
  Библиографический уровень m
001 Контрольный номер 0a1094e3c65747e0a705db874886e686
005 Дата корректировки 20140609092910.4
010 Индекс ISBN __
a ISBN 5-94798-662-0
200 Заглавие и сведения об ответственности 1_
a Заглавие Международный маркетинг
e Сведения, относящиеся к заглавию учеб. пособие для вузов
f Первые сведения об ответственности А. С. Буров
205 Сведения об издании __
b Дополнительные сведения об издании 2-е изд.
210 Выходные данные 1_
a Место издания М.
c Издательство Дашков и К
d Дата издания 2005
215 Физическое описание __
a Объем 283 с.
300 Общие примечания __
a Общие примечания гриф УМО
610 Ключевые слова 0_
a Ключевые слова международный маркетинг
a Ключевые слова маркетинг
a Ключевые слова мировой рынок
a Ключевые слова ценообразование
a Ключевые слова цены
a Ключевые слова мировая рыночная коньюктура
a Ключевые слова инжиниринг
a Ключевые слова транспортный фактор
a Ключевые слова внешнеэкономическая деятельность России
a Ключевые слова внешняя торговля
a Ключевые слова экспорт
a Ключевые слова импорт
a Ключевые слова бартерные операции
a Ключевые слова учебное пособие
a Ключевые слова гриф УМО
686 Индексы других классификаций __
a Классификационный индекс 65.584.3я73
2 Код системы rubbk
686 Индексы других классификаций __
a Классификационный индекс 65.584.3я73
2 Код системы rubbk
700 Автор _1
a Фамилия Буров
b Имя А. С.
g Полное личное имя Александр Сергеевич
801 Источник записи _0
a Страна RU
b Организация РУК
c Дата составления 20050822
g Правила каталогизации PSBO
801 Источник записи _1
a Страна RU
b Организация РУК
c Дата составления 20050822
g Правила каталогизации PSBO
852 Данные о местонахождении __
i Авторский знак Б 91
j Шифр хранения ББК 65.5
901 Тип документа __
t Тип документа m
938 Служебная информация __
a Название организации Головной вуз
b Имя БД BOOK
c Название АИБС АИБС ИРБИС
952 Тип литературы __
b Гриф литературы для ВШ гриф УМО